000 00888nab a2200265 u 4500
001 20155
003 HDC
007 cr bn ---aaaaa
008 210304c20120730xx dr|noo 0 a eng d
040 _aHDC
100 _aSmith, Peter Shaw
_eauthor
_918312
245 4 _aThe Halal Journal to have Malay version by year-end / by
_cPeter Shaw Smith
260 _a[No place] :
_b[publisher not identified],
_c2012
300 _a1 online resource
336 _atext
_2rdacontent
337 _acomputer
_2rdamedia
338 _aonline resource
_2rdacarrier
650 _ahalal industry
_9144
650 _aHalal products
_9642
710 _aHalal Focus
856 _zRequest full-text at [email protected]
942 _2lcc
942 _cNEWS
942 _kNWSO 006340
999 _c17471
_d17471